<?xml version="1.0" encoding="UTF-8"?>
<record
    xmlns:xsi="http://www.w3.org/2001/XMLSchema-instance"
    xsi:schemaLocation="http://www.loc.gov/MARC21/slim http://www.loc.gov/standards/marcxml/schema/MARC21slim.xsd"
    xmlns="http://www.loc.gov/MARC21/slim">

  <leader>05720nam a2200529Ia 4500</leader>
  <controlfield tag="001">dia_4602</controlfield>
  <controlfield tag="003">CHAP</controlfield>
  <controlfield tag="005">20241112093144.0</controlfield>
  <controlfield tag="007">ta</controlfield>
  <controlfield tag="008">220117s2009    mx bdeofrm    001 0 spa d</controlfield>
  <datafield tag="010" ind1=" " ind2=" ">
    <subfield code="a">175267</subfield>
  </datafield>
  <datafield tag="040" ind1=" " ind2=" ">
    <subfield code="a">mxchpua</subfield>
    <subfield code="c">CHAP</subfield>
  </datafield>
  <datafield tag="041" ind1="0" ind2=" ">
    <subfield code="a">spa</subfield>
    <subfield code="b">eng</subfield>
  </datafield>
  <datafield tag="090" ind1=" " ind2=" ">
    <subfield code="a">Tesis </subfield>
    <subfield code="b">M374 </subfield>
    <subfield code="c">2009</subfield>
  </datafield>
  <datafield tag="100" ind1="1" ind2=" ">
    <subfield code="a">Mart&#xED;nez Torrijos, Erik</subfield>
  </datafield>
  <datafield tag="240" ind1="1" ind2="0">
    <subfield code="a">Diagnostic, evaluation and technical engineering proposition for the extension of an coffee benefit.</subfield>
    <subfield code="l">Espa&#xF1;ol</subfield>
  </datafield>
  <datafield tag="245" ind1="1" ind2="0">
    <subfield code="a">Diagn&#xF3;stico, evaluaci&#xF3;n y propuesta t&#xE9;cnico ingenieriles para la ampliaci&#xF3;n de un beneficio de caf&#xE9; /</subfield>
    <subfield code="c">Erik Mart&#xED;nez Torrijos y Fidelia Velasco Hern&#xE1;ndez</subfield>
  </datafield>
  <datafield tag="264" ind1=" " ind2=" ">
    <subfield code="a">Chapingo, M&#xE9;xico :</subfield>
    <subfield code="b">El autor,</subfield>
    <subfield code="c">2009</subfield>
  </datafield>
  <datafield tag="300" ind1=" " ind2=" ">
    <subfield code="a">vii, 150 hojas :</subfield>
    <subfield code="b">ilustraciones, tablas, gr&#xE1;ficas, mapas, planos, fotograf&#xED;as +</subfield>
  </datafield>
  <datafield tag="336" ind1=" " ind2=" ">
    <subfield code="2">rdacontent</subfield>
    <subfield code="a">texto</subfield>
    <subfield code="b">txt</subfield>
  </datafield>
  <datafield tag="337" ind1=" " ind2=" ">
    <subfield code="2">rdamedia</subfield>
    <subfield code="a">no mediado</subfield>
    <subfield code="b">n</subfield>
  </datafield>
  <datafield tag="338" ind1=" " ind2=" ">
    <subfield code="2">rdacarrier</subfield>
    <subfield code="a">volumen</subfield>
    <subfield code="b">nc</subfield>
  </datafield>
  <datafield tag="500" ind1=" " ind2=" ">
    <subfield code="a">Incluye planos en el reporte.</subfield>
  </datafield>
  <datafield tag="502" ind1=" " ind2=" ">
    <subfield code="a">Tesis </subfield>
    <subfield code="b">(Ingeniero Agroindustrial) --</subfield>
    <subfield code="c">UACh. Departamento de Ingenier&#xED;a Agroindustrial,</subfield>
    <subfield code="d">2009</subfield>
  </datafield>
  <datafield tag="504" ind1=" " ind2=" ">
    <subfield code="a">Bibliograf&#xED;a : hojas 145-150</subfield>
  </datafield>
  <datafield tag="505" ind1="0" ind2=" ">
    <subfield code="a">12 planos : --
1. Diagrama de flujo de proceso --
2. Distribuci&#xF3;n de &#xE1;reas situaci&#xF3;n actual (Es. 1:15) --
3. Distribuci&#xF3;n de maquinar&#xED;a y equipo, situaci&#xF3;n actual (Esc. 1:75) --
4. Diagrama de recorrido de producto actual (Esc. 1:75) --
5. Distribuci&#xF3;n de &#xE1;rea cobertizo (Esc. 1:200) --
5. Diagrama de recorrido del producto propuesto (Esc. 1:200) --
6. Distribuci&#xF3;n de maquinar&#xED;a y equipo propuesto (Esc. 1:75) --
7. Plano de iluminaci&#xF3;n propuesto (Esc. 1:200) --
8. Plano de motores propuesto (Esc. 1:75) --
9. Distribuci&#xF3;n de &#xE1;reas propuesta (Esc. 1:75 )--
10. Distribuci&#xF3;n de maquinar&#xED;a y equipo propuesto (Esc. 1:75 )--
11. Corte frontal a-b --
12. Diagrama de recorrido del producto propuesto (Esc. 1:75 )</subfield>
  </datafield>
  <datafield tag="520" ind1="3" ind2=" ">
    <subfield code="a">Por el valor que representa, el caf&#xE9; es uno de los principales productos agr&#xED;colas, con un peso importante en el comercio mundial, dando ocupaci&#xF3;n directa e indirecta a poco m&#xE1;s de 20 millones de personas dedicadas al cultivo, transformaci&#xF3;n, procesamiento y comercializaci&#xF3;n del producto en todo el mundo. En el pa&#xED;s existen peque&#xF1;as y medianas agroindustrias dedicadas al procesamiento y transformaci&#xF3;n de productos alimenticios, cuyas instalaciones no fueron planeadas ni proyectado su crecimiento cuando surgieron por lo cual es necesario hacer un redise&#xF1;o de sus instalaciones.  El presente trabajo se origin&#xF3; mediante una visita a la empresa Nogueras S.P.R de R.L. en el estado de Colima, y tras observar que existe la necesidad de planear y proyectar su crecimiento, el presente trabajo se ocupa de una adecuada distribuci&#xF3;n de &#xE1;reas, maquinaria y equipos que permita la optimizaci&#xF3;n de las instalaciones y eficientar sus procesos; debido a que en una sola &#xE1;rea se encuentra el beneficio seco, la torrefacci&#xF3;n, el envasado y almac&#xE9;n. Ser&#xE1; trasladado al Cobertizo Agroindustrial (&#xC1;rea nueva) el beneficio seco, en donde ya se encuentra establecido el beneficio h&#xFA;medo, en esta &#xE1;rea se dise&#xF1;&#xF3; el acomodo de la l&#xED;nea de proceso del beneficio seco y h&#xFA;medo, y de su maquinaria, as&#xED; como el dise&#xF1;o de las instalaciones el&#xE9;ctricas y de fuerza. En el &#xE1;rea que qued&#xF3; desocupada por el beneficio seco se redise&#xF1;o el &#xE1;rea de torrefacci&#xF3;n, almac&#xE9;n y venta del caf&#xE9;.</subfield>
  </datafield>
  <datafield tag="520" ind1="3" ind2=" ">
    <subfield code="a">Due to is importance, coffee represents one the main. Agricultural products, with an important economic weight within the World commerce; bringing direct and indirect occupation to more than 20 million people; most dedicated to cultivation, transformation, processing and commercialization of the product around the world. 
In Mexico exists small and medium agro industries dedicated to the processing and transformation of nutritional products, whose facilities were not planed neither projected when the emerged, this implies a necessary redesign of these facilities.  The present work was originated from a visit to the company &#x201C;Nogueras S.P.R. of R.L.&#x201D; situated in the State of Colima, Mexico. Alter observing that there is a real need to plan and professionally Project its growth, this work takes its relevance, specially regarding an adequate distribution of areas, machinery and equipment that will allow an efficient process and the optimization of the facilities. In a single area are concentrated all of the process; the drying, the toasting, the packaging and warehouse. The drying process will be transferred to the agro industrial shed, where already it is established the humidity area and its process; also the machinery will be located in this area as well as the design of the electrical systems. In the now unoccupied area that we left free, we will locate the toasting process, and also use it as warehouse and as sales counter.</subfield>
  </datafield>
  <datafield tag="650" ind1="1" ind2="3">
    <subfield code="a">Coffea arabica  </subfield>
    <subfield code="2">atg</subfield>
  </datafield>
  <datafield tag="650" ind1="1" ind2="3">
    <subfield code="a">Productos del caf&#xE9;  </subfield>
    <subfield code="2">atg</subfield>
  </datafield>
  <datafield tag="650" ind1="1" ind2="3">
    <subfield code="a">Iniciativa empresarial  </subfield>
    <subfield code="2">atg</subfield>
  </datafield>
  <datafield tag="650" ind1="1" ind2="3">
    <subfield code="a">Desarrollo comunitario</subfield>
    <subfield code="2">atg</subfield>
  </datafield>
  <datafield tag="650" ind1="1" ind2="3">
    <subfield code="a">Empresas peque&#xF1;as</subfield>
    <subfield code="2">atg</subfield>
  </datafield>
  <datafield tag="650" ind1="1" ind2="3">
    <subfield code="a">Coffee products</subfield>
    <subfield code="2">atg</subfield>
  </datafield>
  <datafield tag="650" ind1="1" ind2="3">
    <subfield code="a">Entrepreneurship</subfield>
    <subfield code="2">atg</subfield>
  </datafield>
  <datafield tag="650" ind1="1" ind2="3">
    <subfield code="a">Community development  </subfield>
    <subfield code="2">atg</subfield>
  </datafield>
  <datafield tag="650" ind1="1" ind2="3">
    <subfield code="a">Small businesses</subfield>
    <subfield code="2">atg</subfield>
  </datafield>
  <datafield tag="700" ind1="1" ind2=" ">
    <subfield code="a">Velasco Hern&#xE1;ndez, Fildelia</subfield>
    <subfield code="e">autor</subfield>
  </datafield>
  <datafield tag="700" ind1="1" ind2=" ">
    <subfield code="a">Szymanski Duque, Rosa Guadalupe</subfield>
    <subfield code="e">director</subfield>
  </datafield>
  <datafield tag="700" ind1="1" ind2=" ">
    <subfield code="a">Ba&#xF1;uelos Gudi&#xF1;o, Mario Marco Vinicio</subfield>
    <subfield code="e">asesor</subfield>
  </datafield>
  <datafield tag="700" ind1="1" ind2=" ">
    <subfield code="a">Covarrubias Guti&#xE9;rrez, Ignacio</subfield>
    <subfield code="e">asesor</subfield>
  </datafield>
  <datafield tag="856" ind1="4" ind2="1">
    <subfield code="u">http://10.13.5.2/tesis/108674.pdf</subfield>
    <subfield code="y">DESCARGAR PDF</subfield>
  </datafield>
  <datafield tag="901" ind1=" " ind2=" ">
    <subfield code="a">TESIS M374 2009</subfield>
  </datafield>
  <datafield tag="902" ind1=" " ind2=" ">
    <subfield code="a">M</subfield>
  </datafield>
  <datafield tag="905" ind1=" " ind2=" ">
    <subfield code="a">5232272009                          mx ame 8222223322spa16</subfield>
  </datafield>
  <datafield tag="942" ind1=" " ind2=" ">
    <subfield code="c">TESIS</subfield>
    <subfield code="2">Clasificaci&#xF3;n Universidad Aut&#xF3;noma Chapingo</subfield>
  </datafield>
  <datafield tag="999" ind1=" " ind2=" ">
    <subfield code="c">175267</subfield>
    <subfield code="d">175267</subfield>
  </datafield>
  <datafield tag="952" ind1=" " ind2=" ">
    <subfield code="0">0</subfield>
    <subfield code="1">0</subfield>
    <subfield code="2">local</subfield>
    <subfield code="4">0</subfield>
    <subfield code="5">5</subfield>
    <subfield code="7">0</subfield>
    <subfield code="8">TESIS</subfield>
    <subfield code="a">IA_</subfield>
    <subfield code="b">IA_</subfield>
    <subfield code="d">2022-01-18</subfield>
    <subfield code="e">El autor</subfield>
    <subfield code="l">1</subfield>
    <subfield code="o">Tesis M374 2009</subfield>
    <subfield code="p">1101007337</subfield>
    <subfield code="r">2026-02-02 00:00:00</subfield>
    <subfield code="s">2024-11-21</subfield>
    <subfield code="t">Ej.2</subfield>
    <subfield code="w">2022-01-18</subfield>
    <subfield code="y">TESIS</subfield>
  </datafield>
  <datafield tag="952" ind1=" " ind2=" ">
    <subfield code="0">0</subfield>
    <subfield code="1">0</subfield>
    <subfield code="2">local</subfield>
    <subfield code="4">0</subfield>
    <subfield code="5">1</subfield>
    <subfield code="7">0</subfield>
    <subfield code="8">TESIS</subfield>
    <subfield code="a">IA_</subfield>
    <subfield code="b">IA_</subfield>
    <subfield code="d">2022-01-18</subfield>
    <subfield code="e">El autor</subfield>
    <subfield code="l">0</subfield>
    <subfield code="o">Tesis M374 2009</subfield>
    <subfield code="p">1101007336</subfield>
    <subfield code="r">2026-02-02 00:00:00</subfield>
    <subfield code="t">Ej.1</subfield>
    <subfield code="w">2022-01-18</subfield>
    <subfield code="y">TESIS</subfield>
  </datafield>
  <datafield tag="952" ind1=" " ind2=" ">
    <subfield code="0">0</subfield>
    <subfield code="1">0</subfield>
    <subfield code="2">local</subfield>
    <subfield code="4">0</subfield>
    <subfield code="7">0</subfield>
    <subfield code="8">TesDigL</subfield>
    <subfield code="a">IA_</subfield>
    <subfield code="b">IA_</subfield>
    <subfield code="c">E_L</subfield>
    <subfield code="d">2022-01-18</subfield>
    <subfield code="e">El autor</subfield>
    <subfield code="l">0</subfield>
    <subfield code="p">1201007336</subfield>
    <subfield code="r">2024-11-12 09:36:16</subfield>
    <subfield code="w">2022-01-18</subfield>
    <subfield code="y">TD</subfield>
  </datafield>
</record>
